000 00682nam a2200205 a 4500
001 000010605
005 20240228191900.0
008 091008s1987 dr a 000 p spa d
040 _aDO-SdBNP
_bspa
_cBNPHU
082 _aRD861.44
_bO96r
100 1 _aOvalles, Pedro,
_d1957-
_923781
245 1 0 _aRetoños de sueños /
_cPedro Ovalles.
260 _aMoca, Republica Dominicana :
_bCita de Fuga,
_c1987.
300 _a51 p. :
_bil ;
_c21 cm.
490 1 _aJuventud, alegria y ocio
500 _aIncluye datos biográficos del autor en la contracubierta
590 _aInventariado, 2018/LP
830 0 _aJuventud, alegria y ocio
_923782
910 _aValidado. Control de calidad MFF
999 _c10363
_d10363